Milonga /

Guardat en:
Dades bibliogràfiques
Altres autors: Pandolfi, Claudia, (1974- ), Bacalov, Luis, Giannini, Giancarlo, (1942- ), Greco, Emidio, Breccia, Paolo
Format: Diapositiva
Idioma:italià
Publicat: Segrate : Medusa Video [distributore], c1999
Etiquetes: Afegir etiqueta
Sense etiquetes, Sigues el primer a etiquetar aquest registre!

MARC

LEADER 00000ngm a22000007i 4500
001 IT\ICCU\UBO\1255098
003 ItRI
005 20260124182815.0
008 010403s1999 it |||||||||||||||k|||||c
028 4 2 |a 1068602 
040 |b ita 
041 7 |a ita  |2 ISO-639-2 
245 0 0 |a Milonga /  |c un film di Emidio Greco ; soggetto e sceneggiatura di Emidio Greco, Paolo Breccia ; musiche di Luis Bacalov. 
260 |a Segrate :  |b Medusa Video [distributore],  |c c1999 
300 |a 1 videocassetta (VHS) (98 min.) :  |b color., son. (Hi-Fi Stereo Dolby Surround) 
500 |a Interpreti: Giancarlo Giannini, Claudia Pandolfi 
500 |a Produttore: Franco Committeri, Pio ANgeletti e Adriano De Micheli  
500 |a Descrizione basata sul contenitore 
700 1 |a Pandolfi, Claudia,  |d  (1974- )  |0 IT\ICCU\FERV\076655 
700 1 |a Bacalov, Luis  |0 IT\ICCU\RAVV\101546 
700 1 |a Giannini, Giancarlo,  |d  (1942- )  |0 IT\ICCU\RAVV\105192 
700 1 |a Greco, Emidio  |0 IT\ICCU\TO0V\065160 
700 1 |a Breccia, Paolo  |0 IT\ICCU\UBOV\483443 
790 1 |a Bacalov, Luis Enrique  |3 IT\ICCU\CFIV\222665  |z Bacalov, Luis 
790 1 |a Enriquez, Luis,  |d  (1933-2017)  |3 IT\ICCU\SBNV\054178  |z Bacalov, Luis 
790 1 |a Bacalov, Enriquez  |3 IT\ICCU\SBNV\088049  |z Bacalov, Luis 
790 1 |a Bacalov, Luis Enriquez  |3 IT\ICCU\UBOV\023546  |z Bacalov, Luis 
942 |2 ddc  |c VM  |n 0 
952 |0 0  |1 0  |4 0  |6 VO_581_000000000000000  |7 0  |9 26612  |a BO  |b BO  |d 2026-01-24  |i 7161  |l 0  |o VO 581  |p BO7161  |r 2026-01-24 18:28:15  |w 2026-01-24  |x [Sebina 5] [1 videocassetta]  |y VM  |z 1 videocassetta 
999 |c 22507  |d 22507